000 00877nam a2200253Ia 4500
003 OSt
005 20220923211206.0
006 a|||||r|||| 00| 0
007 ta
008 Pun
020 _a911612740738 (hbk)
_c100
024 _a240,234
037 _b7501/5, 19/11/2009, Arsee Publishers
_cTextual
040 _aARTS
_cARTS
_bPun
041 _2Pun
_aPun
082 _aO153,8NKU2x, P8
100 _aਕੁੱਸਾ, Fਿਵਚਰਨ ਜੱਗੀ
_9159378
245 0 _aਕੁੱਲੀ ਨੀ ਖ਼ਕੀਰ ਦੀ ਵਿੱਚੋ੍ਵ
260 _aਲੁਧਿਆਨਾ
_b ਲਾਹੌਰ ਬੁੱਕ Fਾਪ
_c2008
300 _a144ਪੰ
_ccm.
650 _aਪੰਜਾਬੀ ਸਾਹਿਤ
942 _hO153,8NKU2x, P8
_cTEXL
_2CC
999 _c296605
_d296605